| 000 | 00556cam a22002291 4500 | ||
|---|---|---|---|
| 001 | ne 64003042 | ||
| 003 | DLC | ||
| 005 | 20260227111807.0 | ||
| 008 | 890421s1954 xx 000 0 ara | ||
| 010 | _ane 64003042 | ||
| 035 | _a(OCoLC)23488712 | ||
| 040 |
_aDLC _cMiU _dDLC |
||
| 042 | _apremarc | ||
| 043 | _aa-iq--- | ||
| 050 | 0 | 0 |
_aHD951.I7 _bH5 |
| 100 | 1 | _aHilālī, ʻAbd al-Razzāq. | |
| 245 | 1 | 0 | _aNaẓarāt fī iṣlāḥ al-rīf. |
| 260 | _c1954. | ||
| 300 |
_a156 p. _c24 cm. |
||
| 500 | _aRomanized. | ||
| 650 | 0 |
_aLand tenure _zIraq. |
|
| 999 |
_c47616 _d47616 |
||